000 01089cam a22003253 4500
003 OSt
005 20140310184519.0
008 030707s2003 nyua 000 1 eng
010 _a 2003586351
020 _a0439429358
040 _aDLC
_cDLC
_dDLC
050 0 0 _aPZ 7
_b.St783v15 2003
100 1 _aStamper, Judith Bauer.
_95076
245 1 0 _aVoyage to the volcano /
_cwritten by Judith Stamper ; illustrations by John Speirs.
260 _aNew York :
_bScholastic Inc.,
_c2003.
300 _a87 p. :
_c22 cm.
490 _aThe magic school bus
_x15
521 _aG4
526 _c620
650 _aFiction
_xJuvenile literature
_930113
655 7 _aChildren's stories.
_2lcsh
_93012
700 1 _aSpeirs, John.
_95524
710 2 _aCopyright Paperback Collection (Library of Congress)
_5DLC
_9705
856 4 2 _3Publisher description
_uhttp://www.loc.gov/catdir/description/schol051/2003586351.html
906 _a7
_bcbc
_corignew
_d2
_encip
_f20
_gy-genrareb
942 _2lcc
_cBK-SCHOLAS
999 _c35001
_d35001